000 00623nam a2200217 i 4500
001 47255
003 ES-MaACL
005 20230906161528.0
007 t|
008 030404s1986 xxk ||||1| eng d
020 _a0-333-40875-6
100 1 _aCoombs, J.
_940371
245 1 0 _aMacmillan dictionary of biotechnology /
_cJ. Coombs.
260 _aLondon :
_bMacmillan Press,
_c1986.
300 _a330 p. ;
_c24 cm.
490 1 _aMacmillan Reference Books
740 0 _aDictionary of biotechnology.
830 0 _aMacmillan Reference Books
_9182130
852 _aES-MaACL
_jL-10473
_bR.112395
999 _c47255
_d47255